Don Ambrosio Montt, Fiscal de la Corte Suprema y los saqueos de Santiago
Kaydedildi:
| Müşterek Yazar: | |
|---|---|
| Materyal Türü: | Kitap |
| Dil: | İspanyolca |
| Baskı/Yayın Bilgisi: |
Valparaíso
Imprenta de la Librería del Mercurio, de Recaredo S. Tornero
1894
|
| Edisyon: | 1a. ed |
| Konular: | |
| Etiketler: |
Etiketle
Etiket eklenmemiş, İlk siz ekleyin!
|
MARC
| LEADER | 00000nam a2200000 a 4500 | ||
|---|---|---|---|
| 001 | UCJ4795 | ||
| 003 | CL-VaPUC | ||
| 005 | 20230126074158.0 | ||
| 008 | 070124e18940000CL |||||||||||||||||spa|d | ||
| 999 | |c 320910 |d 320908 | ||
| 040 | |c Pontificia Universidad Católica de Valparaíso | ||
| 082 | 0 | 4 | |a 983 |b LAA |2 21 |
| 110 | 2 | |a La Actualidad, de Valparaíso |e author |9 509132 | |
| 245 | 1 | 0 | |a Don Ambrosio Montt, Fiscal de la Corte Suprema y los saqueos de Santiago |
| 250 | |a 1a. ed | ||
| 260 | |a Valparaíso |b Imprenta de la Librería del Mercurio, de Recaredo S. Tornero |c 1894 | ||
| 300 | |a 15 p | ||
| 500 | |a Folleto empastado junto a otros, en un volumen rotulado VARIOS, REV. 1891; ubicación, 983 ACT | ||
| 583 | |a last modification |c 20070124 00:00:00 |k Rodrigo Vera | ||
| 600 | |a Montt Luco, Ambrosio, |d 1830-1899 |9 867090 | ||
| 650 | 7 | |a GUERRA CIVIL DE 1891 |2 CL-VaPUC |9 408173 | |
| 650 | 7 | |a SAQUEO DE SANTIAGO |2 CL-VaPUC |9 509134 | |
| 650 | 0 | |a Prensa y periodismo |z Chile |9 504409 | |
| 651 | 0 | |a Santiago |9 265444 | |
| 942 | |c BK |2 ddc | ||
| 945 | |d 20070124 00:00:00 |a rinostro | ||
| 952 | |0 0 |1 0 |4 0 |6 983_000000000000000_LAA_1894 |7 0 |8 X |9 399543 |a FDOBUD |b FDOBUD |d 2019-11-22 |i 1021869 |o 983 LAA 1894 |p 1021869 |r 2019-11-22 |w 2019-11-22 |y BK_X |k BUD | ||